000 00404nam a22001697a 4500
003 MPLRDC
005 20220104165635.0
008 210129b ||||| |||| 00| 0 eng d
020 _a0-600-00120-2
082 _a323.3 NIC
100 _aJAMES NICHOLLS
245 _aEXPLORING THE PLANETS
_c
260 _a
_bTHE HAMLYN PUBLISHING GROUP LTD
_c
300 _b
650 _a
942 _cBK
_o323.3 NIC
999 _c57540
_d57530